Autor textu našej hymny Pred 175 rokmi sa narodil Janko Matúška

Bibliographic Details
Main Author: Petrovský, Karol, 1950-2010 (Author)
Format: Article
Language:Slovak
PhysicalDescription:Fotogr. 1
Subjects:

MARC

LEADER 00000nab a2200000 a 4500
001 vtls000571259
003 SK-MaSNL
005 20260303174431.0
008 160216c1995 xo 0 slo
015 |a SNBRB19rr/mm-uuuuu 
035 |a CL0571397 
040 |a SNKBUCL  |b slo  |c SNKBUCL  |e AACR2 
041 0 |a slo 
044 |a xo  |c SK 
080 |a 82:929:885.4  |2 1981 
080 |a 885.4  |2 1981 
080 |a 784.71(437.6)  |2 1981 
080 |a 929 Matúška, Janko  |2 1981 
100 1 |a Petrovský, Karol,  |d 1950-2010  |4 aut  |9 158303 
245 1 0 |a Autor textu našej hymny  |b Pred 175 rokmi sa narodil Janko Matúška  |c Karol Petrovský 
300 |b Fotogr. 1 
600 1 7 |a Matúška, Janko,  |d 1821-1877  |2 snkbucl  |9 123484 
655 7 |a články z novín a časopisov  |2 snkbucl  |9 267496 
655 7 |a články z odboru literárna veda a krásna literatúra  |2 snkbucl  |9 770045 
773 0 |t Národná osveta  |g Roč. 5, č. 23 (1995), s. 5 
850 |a Slovenská národná knižnica v Martine  |a MTA001 
852 |a SNK  |b KIS3GCP 
958 |a BX 
958 |a RK 
958 |a LX 
958 |a SK 
992 |a RBX 
999 |c 2096621  |d 2098551